Wanita Solihah Ciri-ciri Dan Fungsinya

Bibliographic Details
Main Author: Abu Mohd Jibril Abdur Rahman
Format: Book
Published: Selangor : Hikmah Enterprise , 1985
Subjects:

MARC

LEADER 00000cam a2200000 7i4500
001 0000114342
005 20150609.0
008 150609 bm
090 0 0 |a 297.4 ABU 
100 1 |a Abu Mohd Jibril Abdur Rahman 
245 1 0 |a Wanita Solihah Ciri-ciri Dan Fungsinya   |c Abu Mohd Jibril Abdur Rahman 
260 |a Selangor :   |b Hikmah Enterprise ,   |c 1985 
300 |a 152p. :   |b ill. ;   |c 21 cm. 
650 0 0 |a Islam 
999 |a 8160   |b Buku   |c Rak Terbuka   |e Perpustakaan Cawangan Jasin